Estadísticas para Países más Septentrionales por Continente

Haz click aquí para tomar la prueba!

Estadísticas generales

  • Esta prueba ha sido tomada 1.311 veces
  • La puntuación promedio es 27 de 29

Estadísticas de respuestas

ContinenteLatitudPaís% Correcto
América del Norte83°06' NCanadá
99%
América del Norte71°23' NEstados Unidos
99%
Asia | Europa81°51' NRusia
99%
América del Norte32°43' NMéxico
98%
África35°55' NMarruecos
97%
América del Sur15°40' NVenezuela
97%
América del Sur15°50' NColombia
97%
Europa80°49' NNoruega
97%
Europa70°05' NFinlandia
97%
Europa69°04' NSuecia
97%
África31°36' NEgipto
96%
Asia52º09' NMongolia
96%
África37°05' NArgelia
96%
Europa67°08' NIslandia
95%
América del Norte23°16' NCuba
94%
África37°21' NTúnez
94%
Asia53°34' NChina
94%
África33°10' NLibia
94%
América del Sur6°01' NSurinam
93%
Asia55°06' NKazajistán
91%
América del Sur8°24' NGuyana
91%
América del Norte27°16' NBahamas
88%
Oceanía10°05' NMicronesia
84%
Oceanía14°32' NIslas Marshall
78%
Oceanía2°03' NKiribati
76%
Asia45°36' NUzbekistán
74%
Oceanía8°10' NPalaos
72%
Oceanía0°30' SNauru
72%

Distribución de puntuación

Porcentaje por número respondido

Porcentaje de gente con cada puntuación

Historial de tus puntuaciones

No has tomado esta prueba